El año litúrgico : memorial de Cristo y mistagogía de la iglesia / [por] Jesús Castellano

Guardado en:
Bibliografiske detaljer
Hovedforfatter: Castellano, Jesús (autor)
Format: Bog
Serier:Biblioteca litúrgica ; 1
Fag:
Tags: Tilføj Tag
Ingen Tags, Vær først til at tagge denne postø!

MARC

LEADER 00000nam^a2200000^u^4500
001 000536663
005 20250521000000.0
008 060220s1000^^^^^^^^^^^^r^^^^^000^0^spa^d
009 20260526152115.81
035 |a FMI 000002617 
037 |a Acervo Xavier Clavigero 
096 |a 5.9.3/86/C 
100 |a Castellano, Jesús  |e (autor) 
245 1 3 |a El año litúrgico : memorial de Cristo y mistagogía de la iglesia / [por] Jesús Castellano 
264 |a Barcelona : Centro de Pastoral Litúrgica, 1994 
300 |a 360 p. 
336 |a texto  |b txt  |2 rdacontenido 
337 |a sin mediación  |b n  |2 rdamedio 
338 |a volumen  |b nc  |2 rdasoporte 
440 0 |a Biblioteca litúrgica ; 1 
649 |a XX 
650 |a LITURGIA 
910 |a Fondo Francisco Migoya Covarrubias S.J. 
920 |a Impresos - Libros 
930 |a Fondos Especiales 
905 |a 134 
901 |a SBC19158  |b IT2  |c ESP  |u 20250521 
902 |a https://opac.biblio.iteso.mx/vufind/Record/000536663